Birds with U.S. States in its name - Statistics

General Stats
  • This quiz has been taken 13 times
    9 since last reset
  • The average score is 5 of 26
Answer Stats
Species % Correct
California Condor
80%
California Quail
80%
California Towhee
40%
Kentucky Warbler
40%
Tennessee Warbler
40%
Arizona Woodpecker
20%
California Gnatcatcher
20%
California Gull
20%
California Scrub-Jay
20%
California Thrasher
20%
Connecticut Warbler
20%
Louisiana Waterthrush
20%
Mississippi Kite
20%
Virginia's Warbler
20%
Florida Scrub-Jay
0%
Hawaii Akepa
0%
Hawaii Amakihi
0%
Hawaiian Coot
0%
Hawaiian Crow
0%
Hawaiian Duck
0%
Hawaiian Goose
0%
Hawaiian Hawk
0%
Hawaiian Petrel
0%
Hawaii Creeper
0%
Hawaii Elepaio
0%
Virginia Rail
0%
No matching quizzes found
Score Distribution
Percent of People with Each Score
Percentile by Number Answered
Your Score History
You have not taken this quiz since the last reset